000 00801nam a2200241Ia 4500
003 GCL
005 20240530095529.0
008 140319s9999 xx 000 0 ara d
020 _a1653001977
040 _aGCL /
_cGCL
082 0 4 _a323.1
_bق/م ت
100 1 _aمحمد رفعت الامام
245 1 0 _aتاريخ الجالية الارمنية فى مصر /
_cمحمد رفعت الامام
260 _aالقاهرة :
_bالهيئة المصرية العامة للكتاب ،
_c1999
300 _a482 ص ؛
_c19 سم
490 _aتاريخ المصريين
_v171
650 0 4 _aمصر
650 0 4 _aالاحوال الاجتماعية
650 0 4 _aالاحوال السياسية
650 0 4 _aالاحوال الاقتصادية
650 0 4 _aالارض
942 _2ddc
_cBK
999 _c8120
_d8120